| 000 | 01686nam0a2200337 4500 | ||
|---|---|---|---|
| 001 | RU\NLR\bibl\996101 | ||
| 005 | 20250614222725.0 | ||
| 010 |
_a5-94723-371-1 _bв пер. _93500 |
||
| 035 | _a(NLR Aleph) 000983866 | ||
| 090 |
_a476254 _c476254 |
||
| 100 | _a20061012d2006 |||y0rusy50 ca | ||
| 101 | 0 | _arus | |
| 102 | _aRU | ||
| 105 | _aa ||||||||| | ||
| 106 | _ar | ||
| 200 | 1 |
_aМетодика преподавания психологии _eучебное пособие для студентов вузов, обучающихся по направлению и специальностям психологии _fВ. Н. Карандашев |
|
| 210 |
_aСанкт-Петербург [и др.] _cПитер _d2006 _eСПб. _gГП Техн. кн. |
||
| 215 |
_a249 с. _cил. _d24 |
||
| 225 | 1 | _aУчебное пособие | |
| 225 | 1 | _aИздательская программа "300 лучших учебников для высшей школы в честь 300-летия Санкт-Петербурга" | |
| 320 | _aБиблиогр.: с. 231-246 | ||
| 320 | _aПредм. указ.: с. 247-249 | ||
| 606 | 0 |
_aПсихология _jУчебные издания для высших учебных заведений _xРефераты _xСоставление _92249224 _3RU\NLR\auth\661349229 |
|
| 610 | 0 | _aПсихология --Методика преподавания -- Учебник для высшей школы | |
| 686 | _aЧ486.61-2я7 | ||
| 700 | 1 |
_aКарандашев _bВ. Н. _gВиктор Николаевич _4070 |
|
| 801 | 0 |
_aRU _bNLR _c20061012 _grcr |
|
| 801 | 1 |
_aRU _bNLR _c20061012 |
|
| 942 | _cBOOK | ||
| 980 | _aNB | ||